| 000 | 00593nam a2200181 a 4500 | ||
|---|---|---|---|
| 005 | 20210223120834.0 | ||
| 008 | 991125s1971 mx 000 0 spa u | ||
| 035 | _aUPN01000008185 | ||
| 049 | _aCG | ||
| 050 | 4 |
_aPN1993.5 I7 _bL4.28 |
|
| 100 | 1 | _aLeprohon, Pierre | |
| 245 | 1 | 3 |
_aEl cine italiano : _bhistoria, cronología, biografías, filmografía, documentos, imágenes / _cPierre Leprohon ; tr. Gloria López. |
| 260 |
_aMéxico : _bEra, _c1971. |
||
| 300 | _a427 p., [8] h. de láms. | ||
| 440 | 0 | _aCine club Era | |
| 650 | 4 |
_aCINEMATOGRAFIA - _zITALIA - _xHISTORIA _910592 |
|
| 905 | _aLibro | ||
| 999 |
_c8185 _d8185 |
||